000 00442nam a2200157Ia 4500
008 230718s9999 xx 000 0 und d
041 _aeng
082 _a338.7'6292952
_bCHA
100 _aChambers K.D.
_9172193
245 _aHow Toyota Changed The World
260 _c2009
_bJaico Publishing House
300 _a132
365 _cRs.
_b295.00
700 _aChambers K.D.
_9172193
906 _dO:0053510-Feb-2010B:183906-Oct-2009
_cGENRL
_b59
999 _c323780
_d323780